000 01896nam0a2200349 4500
001 RU\NLR\bibl\1104029
005 20260406021536.0
010 _a978-5-87976-445-1
_9100
021 _aRU
_b2007-35190
_91868
035 _a(NLR Aleph) 001091106
090 _a1118882
_c1118882
100 _a20070702d2007 |||y0rusy50 ca
101 0 _arus
102 _aRU
105 _ay |||||||||
200 1 _aМедиаобразование и менеджмент: история развития
_eучебное пособие для студентов высших и средних специальных учебных заведений
_fИ.В. Челышева, В.С. Шаповалова
_gМ-во образования и науки Рос. Федерации, Федер. агентство по образованию, Гос. образоват. учреждение высш. проф. образования "Таганрог. гос. пед. ин-т"
210 _aТаганрог
_cИзд-во Таганрогского государственного педагогического института
_d2007
215 _a215 с.
_d21
320 _aБиблиогр.: с. 188-191 (60 назв.)
606 1 _aМедиаобразование
_jУчебные издания
_92180774
_3RU\NLR\auth\661311454
606 1 _aМенеджмент
_jУчебные издания
_91566100
_3RU\NLR\auth\66685658
686 _aЧ312.7я7
686 _aЧ312.31я7
686 _aУ21(0)я7
700 1 _4070
_7ca
_8rus
_aЧелышева
_bИ. В.
_f1965-
_gИрина Викториновна
_9105992
_3RU\NLR\auth\77123067
701 1 _4070
_aШаповалова
_bВ. С.
_gВиталия Станиславовна
_9152399
_3RU\NLR\AUTH\770152437
801 0 _aRU
_bNLR
_c20070702
_gRCR
801 1 _aRU
_bNLR
_c20070702
942 _cBOOK
980 _aNB